000
00376nam a22001337a 4500
020
_a
9781461269106
082
_a
515.7 ZEI
100
_a
Zeidler, Eberhard
245
_a
Applied functional analysis : applications to mathematical physics
260
_a
New York
_b
Springer
_c
1995
300
_a
481p
942
_2
ddc
_c
BK
999
_c
554520
_d
554520